000 00407nam a2200181Ia 4500
005 20240823031146.0
008 240823s9999||||xx |||||||||||||| ||und||
041 _aENGLISH
082 _A621.3192
100 _aElector
245 0 _a301 Circuits
250 _a1st
260 _b"Eletor,B"
500 _aTRANSFERED
650 _aElectronic Circuits
_bInstrumentation
942 _cBK
999 _c190406
_d190406